International trade and development, theory and policy.
שמור ב:
| פורמט: | ספר |
|---|---|
| שפה: | Undetermined |
| יצא לאור: |
Warszawa
PWN-Polish Scientific Publishers
1966
|
| נושאים: | |
| תגים: |
הוספת תג
אין תגיות, היה/י הראשונ/ה לתייג את הרשומה!
|
| Thư viện lưu trữ: | Trung tâm Học liệu Trường Đại học Cần Thơ |
|---|
| LEADER | 00450nam a2200157Ia 4500 | ||
|---|---|---|---|
| 001 | CTU_85698 | ||
| 008 | 210402s9999 xx 000 0 und d | ||
| 082 | |a 382 | ||
| 082 | |b I.61 | ||
| 245 | 0 | |a International trade and development, theory and policy. | |
| 260 | |a Warszawa | ||
| 260 | |b PWN-Polish Scientific Publishers | ||
| 260 | |c 1966 | ||
| 650 | |a International trade | ||
| 904 | |i Năm | ||
| 980 | |a Trung tâm Học liệu Trường Đại học Cần Thơ | ||